000 00436 a2200157 4500
001 92785
020 _a978-0-13-147122-1
082 _a519.20246213/GAR
090 _c44550
_d44551
100 _aGarcia Leon
245 _aProbability Statistics and random process for electrical engineering, 3rd Ed
250 _a3
260 _aUSA
_bPrentice Hall
_c2008
300 _axiv, 818p.
_bphotocopy
500 _aMS Text Book
942 _aNUST-CAE
_k519.20246213/GAR
_cMS
999 _c327858
_d327858